Pilotes de formule 1 avec au moins 2 titres de chapion du monde - Statistiques

Statistiques générales
  • Ce quiz a été pris 43 fois
  • Le résultat moyen est 7 sur 14
Answers on the Grid
Answers color-coded by a green-red scale on the quiz's grid according to % correct below.
M.VERSTAPPEN
G.HILL
P.HILL
D.HILL
E.FITTIPALDI
M.ANDRETTI
K.ROSBERG
A.PROST
M.HAKKINEN
N.ROSBERG
K.RAIKKONEN
J.STEWART
G.FARINA
J.CLARCK
N.LAUDA
D.HULME
M.HAWTHORN
J.M.FANGIO
F.ALONSO
J.SURTEES
N.PICQUET
J.SCHECKTER
J.RINDT
J.VILLENEUVE
J.BRABHAM
J.HUNT
S.VETTEL
N.MANSELL
A.JONES
A.ASCARI
 
Statistiques - réponses
Réponse % Correct
M.VERSTAPPEN
96%
A.PROST
74%
N.LAUDA
70%
J.M.FANGIO
65%
S.VETTEL
61%
F.ALONSO
57%
M.HAKKINEN
52%
N.PICQUET
43%
E.FITTIPALDI
35%
J.STEWART
35%
A.ASCARI
30%
G.HILL
30%
J.BRABHAM
22%
J.CLARCK
17%
Aucun quiz correspondant
Distribution des résultats
% des personnes avec chaque résultat
Percentile par nombre de réponses
Votre historique - résultats
Vous n’avez pas pris ce quiz